000 00843nam a2200217 i 4500
001 165170
003 ES-MaACL
005 20250901032931.0
008 050816s1885 ne b |||| | fre d
100 1 _aSemmelink, Jan,
_d1837-1912
_eaut
_9132643
245 1 0 _aHistoire du choléra aux Indes Orientales avant 1817 /
_cpar J. Semmelink.
260 _aUtrecht :
_bCh.H.E. Breijer,
_c1885.
300 _a169 páginas, [1] hoja plegada de mapa ;
_c23 cm.
530 _aDisponible en formato digital
650 7 _aCólera
_2embne
_911143
852 _aES-MaACL
_cSPAL
_hDonativo Roda
_jC-3216
_xEnc. editorial en tela
856 _uhttps://archive.org/details/histoireduchol00semm/page/n5/mode/2up
_yVersión en línea
_z(Internet Archive)
942 _2udc
_cMONANT
_n0
999 _c165170
_d165170